000
00466nam a2200181Ia 4500
008
100917s9999 xx 000 0 und d
082
_b
4222
100
_a
केळकर न. चि.
245
_a
अमात्य माधव
260
_b
---
_c
1915
300
_a
114
365
_b
0.75
520
_a
नाटक
630
_a
अमात्य माधव
650
_a
नाटक
730
_a
अमात्य माधव
942
_c
BOOK
999
_c
609616
_d
609613